000 00496nam a2200193Ia 4500
003 GCL
008 140319s9999 xx 000 0 eng d
040 _aGCL /
_cGCL
082 0 4 _a576.165
_bV F
100 1 _aVARNAM, A.H.
245 1 0 _aFOODBORNE PATHOGENS: AN ILLUSTARATED TEXT /
_cVARNAM, A.H.
700 1 _aEVENS, M.G.
260 _a[S.N] :
_bWOLFE PUBLISHING LTD ،
_c1991
300 _a557 P
650 0 4 _aFOOD
650 0 4 _aPATHOLOGY
650 0 4 _aEATING DISORDERS
942 _2ddc
_cBK
999 _c15183
_d15183